Business.

Bibliographic Details
Main Author: Pride
Other Authors: Hughes,, Kapoor,
Format: Book
Published: Australia: South - Western Cengage Learning, 2012.
Edition:11th ed.
Subjects:
LEADER 00473cam a2200181 7i4500
001 0000029798
005 20130722090000.0
020 0 0 |a 9780538478083  
090 0 0 |a B 338.7   |b PRI 
100 1 0 |a Pride  
245 1 0 |a Business. 
250 0 0 |a 11th ed. 
260 0 0 |a Australia:   |b South - Western Cengage Learning,   |c 2012. 
300 # # |a 672 p. 
650 0 0 |a Business  
700 1 0 |a Hughes,   |h Robert J.  
700 1 0 |a Kapoor,   |h Jack R.  
999 |a 0000032699  |b Book  |c Book  |e Business Information Centre